000 00289nam a2200109Ia 4500
008 230907s9999||||xx |||||||||||||| ||und||
082 _a621.3815,HOS
100 _aHossain, Jahangir.
_9115121
245 0 _aRobust control for grid voltage stability :
300 _axvii,311p.:
942 _cBK
999 _c597627
_d597627